Alle 01099 Songs - Statistiken

Allgemein
  • Dieses Quiz wurde 63 mal gespielt
  • Das Durchschnittsergebnis liegt bei 49 aus 101
Antwortstatistiken
Jahr Song % Korrekt
2019 Kreta
87%
2020 Kreta 2.0
85%
2022 Kreta 3.0
85%
2025 Himmel Pink
81%
2021 Frisch
77%
2023 Anders
75%
2021 Durstlöscher
75%
2025 Kreta ist vorbei
75%
2025 Nachtschicht
75%
2020 Weihnachtslied
75%
2025 Baltimore
73%
2022 Jacke Zu
73%
2025 Leopard
73%
2025 Eine Insel irgendwo
71%
2025 Supernova
71%
2025 4 Wände
69%
2024 Flasche kreist
69%
2025 so heiß
69%
2021 Weihnachtslied 2021
69%
2023 Weihnachtslied 2023
69%
2022 2000er
67%
2022 Glücklich
67%
2024 Kreta 5.0
67%
2022 Weihnachtslied 2022
67%
2024 Weihnachtslied 2024
67%
2025 25grad
65%
2022 Altbau
65%
2019 Kolibri
65%
2025 Laufen
65%
2019 Skyr
65%
2025 Was ich in die Lieder steck
65%
2021 Dachfenster
63%
2025 100 Tage
60%
2023 August
60%
2024 Pistazieneis
60%
2023 Selbe Jugend
60%
2021 VHS
60%
2024 Kinder der Nacht
58%
2024 Verschwendete Zeit
58%
2024 Haare trocknen
56%
2024 Küssen
56%
2024 Tanzalarm
56%
2023 Unsinn
56%
2020 Weihnachtslied 2020
56%
2025 Halbtrocken
54%
2021 Halligalli
54%
2023 Alles war gelogen
52%
2023 In der Nacht
52%
2023 Kreta 4.0 (Polonaise)
52%
2022 Sportlich
52%
2023 Tempo
52%
2022 Eigentlich
50%
2022 Vespa
50%
2022 Aperol im Glas
48%
2023 S1
48%
2022 Dies & Das
46%
2019 Koala Mulaya
46%
2020 Lichter
46%
2023 Neustadt
46%
2020 Nougat
46%
2024 Superstars
44%
2025 Augenblick
42%
2023 Cider
42%
2024 Oh man
42%
2022 Schnelle Brille
42%
2021 VHS 2
42%
2023 Herz ist kalt
40%
2022 nullzehnneunundneunzig ist die family
40%
2025 schönhauser
40%
2019 vor der Polizei
40%
2022 Warm
40%
2019 FAUNA
38%
2020 5 auf dem Esstisch
37%
2023 Besser wär
37%
2023 Matin
37%
2022 Skandalös
35%
2023 Wahnsinn
31%
2022 Regen
29%
2022 Verträumt
29%
2024 Angekommen Interlude
27%
2019 Intro
27%
2022 Kecks
27%
2024 Kneipe
27%
2019 Magnum
27%
2021 1976
25%
2019 vor der Polizei - remix
25%
2021 Weihnachtslied 2021 - Akustik Version
25%
2019 Outro
23%
2020 Eisfach
21%
2020 Katjes Freestyle
21%
2020 Sandaletten
21%
2020 Aloha
19%
2020 a oui oui
19%
2024 Augen groß
19%
2024 Weil du mir fehlst
19%
2023 rosa rugosa
13%
2020 Eisfach - remix
12%
2020 Richtung Nacht
12%
2020 Wie du siehst
12%
2020 Sante (Intro)
10%
2021 Durstlöscher - Piano Version
8%
Keine übereinstimmenden Quizze gefunden
Verteilung der Resultate
Anzahl Personen mit jedem Resultat
Perzentil nach korrekt beantworteten Fragen
Ihre Resultats-Entwicklung
Sie haben dieses Quiz noch nicht gespielt